Logo BPK

Biblioteka

Politechniki Koszalińskiej

Concepts of continuum thermodynamics : (Rekord nr 31667)

Szczegóły MARC
000 -ETYKIETA REKORDU
podpole kontrolne o stałej długości 00784nam a2200229 i 4500
001 - NUMER KONTROLNY REKORDU
pole kontrolne bg
020 ## - MIĘDZYNARODOWY ZNORMALIZOWANY NUMER KSIĄŻKI - ISBN
ISBN 8390513277
040 ## - ŹRÓDŁO KATALOGOWANIA
Instytucja, która utworzyła rekord BPK
041 0# - KOD JĘZYKA
Kod języka tekstu en
080 ## - UNIWERSALNA KLASYFIKACJA DZIESIĘTNA - UKD
UKD 536.7
920 ## - Międzynarodowy znormalizowany numer książki – ISBN
ISBN 83-905132-7-7
008 - POLE O STAŁEJ DŁUGOŚCI - DANE KONTROLNE
podpole kontrolne o stałej długości s pl f |000 0 pol
100 1# - NAZWA OSOBOWA
Nazwa osobowa Muschik, W.
245 10 - TYTUŁ/ODPOWIEDZIALNOŚĆ
Tytuł Concepts of continuum thermodynamics :
Ciąg dalszy tytułu 5 lectures on fundamentals, methods, and examples : [Lectures held at Kielce University of Technology, January 8-12, 1996] /
Pozostałe elementy strefy tytułu i oznaczenia odpowiedzialności W. Muschik, C. Papenfuss, H. Ehrentraut.
260 ## - STREFA ADRESU WYDAWNICZEGO
Miejsce wydania Kielce :
Nazwa wydawcy/dystrybutora Univ. of Technology,
Data publikacji, dystrybucji/powstania dokumentu [1996].
300 ## - STREFA OPISU FIZYCZNEGO
Objętość 99 s. :
Inne cechy fizyczne fot., rys., wykr. ;
Rozmiary 24 cm.
504 ## - UWAGA DOTYCZĄCA BIBLIOGRAFII
Informacje o bibliografii Bibliogr. s. 90-95. -Indeks.
650 #9 - HASŁO PRZEDMIOTOWE W FORMIE NAZWY OGÓLNEJ LUB JEDNOSTKOWEJ
Nazwa ogólna lub geograficzna Termodynamika
Określnik ogólny zagadnienia
700 1# - HASŁO DODATKOWE - NAZWA OSOBOWA
Nazwa osobowa Papenfuss, C.
700 1# - HASŁO DODATKOWE - NAZWA OSOBOWA
Nazwa osobowa Ehrentraut, Harald
Daty związane z nazwą (1964- ).
856 ## - LOKALIZACJA I DOSTĘP DO ELEKTRONICZNYCH DOKUMENTÓW ZDALNYCH
Link (URL) http://koha.tu.koszalin.pl/cgi-bin/koha/opac-detail.pl?biblionumber=31667
Tekst linku Katalog online BPK
942 ## - DODATKOWE ELEMENTY (KOHA)
Typ dokumentu Książka
Egzemplarze
Wycofany Status egzemplarza Uszkodzony Dostępność Lokalizacja stała Lokalizacja bieżąca Miejsce przechowywania Sygnatura Kod kreskowy Ostatnio wypożyczono Typ dokumentu
      Dostępny Biblioteka Politechniki Koszalińskiej Biblioteka Politechniki Koszalińskiej Wypożyczalnia BG 39060 01269369 22.10.2014 Książka
© 2023 Biblioteka Politechniki Koszalińskiej :: KOHA